Шість найближчих країн - Бельгія - Statistics

General Stats
  • This quiz has been taken 7 times
  • The average score is 4 of 6
Answer Stats
km країна % Correct
0 Люксембург
100%
0 Нідерланди
100%
0 Франція
80%
0 Німеччина
60%
254 Швейцарія
20%
80 Об'єднане Королівство
0%
No matching quizzes found
Score Distribution
Percent of People with Each Score
Percentile by Number Answered
Your Score History
You have not taken this quiz